| 000 | 00847nam a2200229 i 4500 | ||
|---|---|---|---|
| 001 | 166714 | ||
| 003 | ES-MaACL | ||
| 005 | 20230906213403.0 | ||
| 008 | 940206s1889 sp |||| | spa d | ||
| 040 |
_aAR _bspa |
||
| 100 | 1 |
_aTucidides. _9111626 |
|
| 245 | 1 | 0 |
_aHistoria de la guerra del Peloponeso / _cescrita por Tucidides ; traducida del griego por Diego Gracian y enmendada la traducción. |
| 260 |
_aMadrid : _bLibrería de la viuda de Hernando y C\sa\p, _c1889. |
||
| 300 |
_a2 v.(384;365 p.) ; _c18 cm. |
||
| 490 | 1 |
_aBiblioteca Clásica ; _v120, 123 |
|
| 651 | 4 |
_aGrecia- _xHistoria- _y431-404 a.C. (Guerra del Peloponeso) _98780 |
|
| 700 | 1 |
_aGracián, Diego. _959482 |
|
| 830 | 0 |
_aBiblioteca Clásica ; _v120, 123 _9180370 |
|
| 852 |
_aES-MaACL _jF-13281-13282 _z-- Enc. tela |
||
| 999 |
_c166714 _d166714 |
||